K zmenám účtovnej osnovy a postupov účtovania v podvojnom účtovníctve

V súvislosti s novým zákonom č. 431/2002 Z.z. o účtovníctve bola zrušená doterajšia účtovná osnova a postupy účtovania pre podnikateľov vydané ako opatrenia MF SR č. 3177/1998-KM, ktorým sa ustanovuje účtovná osnova a postupy účtovania pre podnikateľov a bola nahradená novou účtovnou osnovou a postu...

Descrizione completa

Salvato in:
Dettagli Bibliografici
Autore principale: Farkaš, Richard
Natura: Capitolo di libro
Lingua:slovacco
Soggetti:
Tags: Aggiungi Tag
Nessun Tag, puoi essere il primo ad aggiungerne!!

MARC

LEADER 00000naa a2200000 4500
001 r048215
005 20231002123923.9
041 0 |a slo 
044 |a SK 
245 1 0 |a K zmenám účtovnej osnovy a postupov účtovania v podvojnom účtovníctve  |c Richard Farkaš 
520 |a V súvislosti s novým zákonom č. 431/2002 Z.z. o účtovníctve bola zrušená doterajšia účtovná osnova a postupy účtovania pre podnikateľov vydané ako opatrenia MF SR č. 3177/1998-KM, ktorým sa ustanovuje účtovná osnova a postupy účtovania pre podnikateľov a bola nahradená novou účtovnou osnovou a postupmi účtovania pre podnikateľov vydané ako opatrenie MF SR č. 23 054/2002-92. Informatívny prehľad o zmenách. 
610 2 0 |a osnova účtová 
610 2 0 |a účtovníctvo podvojné 
610 2 0 |a podnikatelia 
610 2 0 |a opatrenia 
610 2 0 |a zákony 
610 2 0 |a Slovensko 
100 1 |a Farkaš, Richard